Loading...
| Religion | 0 | 9 | 0 | 0 | 90 | 18 | 77.22 | 4 | 6 | 18.01 | 36.67 |
| History - European | 0 | 3 | 0 | 0 | 30 | 85 | 116.00 | 0 | 0 | 4.01 | 5.00 |
| History - World | 0 | 2 | 0 | 0 | 20 | 98 | 107.50 | 0 | 1 | 0.00 | 0.00 |
| Current Events | 0 | 3 | 2 | 0 | 20 | 85 | 96.00 | 0 | 2 | 13.90 | 23.33 |
| History - Other | 0 | 2 | 0 | 0 | 20 | 102 | 103.50 | 0 | 1 | 0.00 | 0.00 |
| Literature - World | 0 | 1 | 0 | 0 | 10 | 123 | 123.00 | 0 | 0 | 0.00 | 0.00 |
| History - American | 0 | 1 | 0 | 0 | 10 | 97 | 97.00 | 0 | 0 | 0.00 | 0.00 |
| Social Science | 0 | 2 | 2 | 0 | 10 | 68 | 95.00 | 0 | 1 | 2.77 | 8.89 |
| Science - Chemistry | 0 | 0 | 1 | 0 | -5 | 0.00 | 0 | 0 | 0.00 | 0.00 |